INTERMEDIATE MICROECONOMICS (Record no. 8043)

MARC details
000 -LEADER
fixed length control field 00271nam a22000977a 4500
008 - FIXED-LENGTH DATA ELEMENTS--GENERAL INFORMATION
fixed length control field 230622b |||||||| |||| 00| 0 eng d
020 ## - INTERNATIONAL STANDARD BOOK NUMBER
International Standard Book Number 0155414968
100 ## - MAIN ENTRY--PERSONAL NAME
Personal name GLOWER,ROBERT W.
245 ## - TITLE STATEMENT
Title INTERMEDIATE MICROECONOMICS
260 ## - PUBLICATION, DISTRIBUTION, ETC. (IMPRINT)
Place of publication, distribution, etc. FLORIDA
Name of publisher, distributor, etc. HARCOURT BRACE JOVANOVICH INC
Date of publication, distribution, etc. 1988
Holdings
Withdrawn status Lost status Source of classification or shelving scheme Damaged status Koha normalized classification for sorting Not for loan Home library Current library Shelving location Date acquired Total Checkouts Full call number Barcode Date last seen Copy number Price effective from Koha item type
    Dewey Decimal Classification   338_500000000000000_CLO Not For Loan Dodoma Dodoma Ground Floor 22/06/2023   338.5 CLO LIB000873 22/06/2023 1 22/06/2023 BOOKS RESERVE

IRDP © 2021 :: Managed by ICT Team